Vyriešiť citlivé momenty trhu

K niektorým aspektom vývoja slovenskej legislatívy v súvislosti s novou európskou energetickou legislatívou. Implementácia slovenskej legislatívy a aktuálne platných smerníc pre trh s elektrinou a trh s plynom, smernice č. 2003/54/ ES o spoločných pravidlách vnútorného trhu s elektrinou a smernice...

Descrizione completa

Salvato in:
Dettagli Bibliografici
Autore principale: Zbojan, Igor
Natura: Capitolo di libro
Lingua:slovacco
Soggetti:
Tags: Aggiungi Tag
Nessun Tag, puoi essere il primo ad aggiungerne!!

MARC

LEADER 00000naa a2200000 4500
001 0230022
005 20170511134856.5
041 0 |a slo 
044 |a CZ 
245 1 0 |a Vyriešiť citlivé momenty trhu  |c Igor Zbojan 
520 |a K niektorým aspektom vývoja slovenskej legislatívy v súvislosti s novou európskou energetickou legislatívou. Implementácia slovenskej legislatívy a aktuálne platných smerníc pre trh s elektrinou a trh s plynom, smernice č. 2003/54/ ES o spoločných pravidlách vnútorného trhu s elektrinou a smernice č. 2003/55/ES o spoločných pravidlách vnútorného trhu. 
610 2 0 |a Európska únia 
610 2 0 |a Slovensko 
610 2 0 |a trh energetický 
610 2 0 |a trh vnútorný 
610 2 0 |a výroba energie 
610 2 0 |a bezpečnosť energetická 
610 2 0 |a hospodárstvo energetické 
100 1 |a Zbojan, Igor